|
|
|
|
| LEADER |
01232cam a2200313 a 4500 |
| 001 |
c000282698 |
| 003 |
CARM |
| 005 |
20080611112407.0 |
| 008 |
961216s1997 vrab b s000 0 eng d |
| 019 |
1 |
|
|a 12913895
|z 49080802
|5 LACONCORD2021
|
| 020 |
|
|
|a 0730666093
|
| 035 |
|
|
|a (OCoLC)221895275
|5 LACONCORD2021
|
| 040 |
|
|
|a ANB:REV
|b eng
|c ANB:REV
|d ANB:REV
|
| 042 |
|
|
|a anuc
|
| 043 |
|
|
|a u-at-vi
|
| 082 |
0 |
4 |
|a 333.78309945
|2 21
|
| 110 |
2 |
|
|a Parks Victoria.
|
| 245 |
1 |
0 |
|a Mount Lawson State Park and Mount Granya State Park draft management plan /
|c Parks Victoria.
|
| 260 |
|
|
|a East Melbourne :
|b Parks Victoria,
|c 1997.
|
| 300 |
|
|
|a viii, 29 p., [3] leaves of plates (some folded) :
|b maps ;
|c 30 cm.
|
| 500 |
|
|
|a "May 1997".
|
| 504 |
|
|
|a Bibliography: p. 28.
|
| 650 |
|
0 |
|a National parks and reserves
|z Victoria
|x Management.
|
| 651 |
|
0 |
|a Mount Lawson State Park (Vic.)
|
| 651 |
|
0 |
|a Mount Granya State Park (Vic.)
|
| 710 |
1 |
|
|a Victoria.
|b Dept. of Natural Resources and Environment.
|
| 852 |
8 |
|
|b CARM
|h A2:AG32D0
|i F04131
|p 0394011
|f BK
|
| 999 |
f |
f |
|i 46ff081a-7d5c-5b15-9d7f-5f53d430ee32
|s c315dd28-ffe9-5fb8-bae8-95669b5df5a8
|
| 952 |
f |
f |
|p Can circulate
|a CAVAL
|b CAVAL
|c CAVAL
|d CARM 1 Store
|e F04131
|f A2:AG32D0
|h Other scheme
|i book
|m 0394011
|